00401 2200157 4500001002100000005001500021035002000036245004900056100002200105300001200127260005200139082000800191084001400199020001800213990001200231INLIS00000000000164220250429080021 a0010-04250000581 aHari - Hari Besar Islam /cShalahuddin Hamid0 aShalahuddin Hamid a141 hlm aJakarta :bPT. Intimedia Cipta Nusantara,c2003 a200 a200 SHA h a979-3432-58-6 a0754696